• 首页
  • 本馆介绍
  • 公告通知
  • 最新文献
  • 馆藏检索
  • 电子资源
  • 读者导购
  • 参考咨询
  • 我的图书馆
  • 登录
  • 详细信息显示
  • 放入我的书架
  • 预约/预借图书
  • 作者相关作品
  • 分类相关作品
  • 丛书相关作品
  • 出版社相关作品

书目信息

  • 表格格式
  • 工作单格式
  • 卡片格式
题名:
声律启蒙·千家诗
    
 
作者: 卢平忠 , 卢宁 , 逸闻 , 雨潇 编注
分册:  
出版信息: 成都   四川文艺出版社  2019.06
页数: 311页
开本: 21cm
丛书名: 爱读·国学经典
单 册:
中图分类: I207.21 , I222.72
科图分类:
主题词: 诗词格律--shi ci ge lu^--中国--启蒙读物 , 古典诗歌--gu dian shi ge--诗集--中国
电子资源:
ISBN: 978-7-5411-5408-9
000 01290nam 2200361 450
001 CAL 0120192811527
005 20230303104100.67
010    @a978-7-5411-5408-9@dCNY42.00
100    @a20190711d2019 em y0chiy0120 ea
101 0  @achi
102    @aCN@b510000
105    @ay z 000gy
106    @ar
200 1  @a声律启蒙·千家诗@Asheng lu^ qi meng · qian jia shi@f卢平忠 ... [等] 编注
205    @a第3版
210    @a成都@c四川文艺出版社@d2019.06
215    @a311页@d21cm
225 2  @a爱读·国学经典@Aai du · guo xue jing dian
304    @a题名页题其余责任者: 卢宁, 逸闻, 雨潇
330    @a本书分为七言绝句、七言律诗、五言绝句、五言律诗四卷, 主要内容包括: 春日偶成 程颢 ; 春日 朱熹 ; 春宵 苏轼 ; 城东早春 杨巨源 ; 春夜 王安石 ; 初春小雨 韩愈 ; 元日 王安石等。
410  0 @12001 @a爱读·国学经典
605    @a声律启蒙@Asheng lu^ qi meng@x注释
605    @a千家诗@Aqian jia shi@x注释
606 0  @a诗词格律@Ashi ci ge lu^@y中国@j启蒙读物
606 0  @a古典诗歌@Agu dian shi ge@x诗集@y中国
690    @aI207.21@v5
690    @aI222.72@v5
701  0 @a卢平忠@Alu ping zhong@4编注
701  0 @a卢宁@Alu ning@4编注
701  0 @a逸闻@Ayi wen@4编注
701  0 @a雨潇@Ayu xiao@4编注
801  0 @aCN@bBJXHZP@c20230228
905    @b1383531-4@dI207.21@e1494=3@f4
    
    声律启蒙·千家诗/卢平忠 ... [等] 编注.-第3版.-成都:四川文艺出版社,2019.06
    311页;21cm.-(爱读·国学经典)
    
    
    ISBN 978-7-5411-5408-9:CNY42.00
    本书分为七言绝句、七言律诗、五言绝句、五言律诗四卷, 主要内容包括: 春日偶成 程颢 ; 春日 朱熹 ; 春宵 苏轼 ; 城东早春 杨巨源 ; 春夜 王安石 ; 初春小雨 韩愈 ; 元日 王安石等。
●
相关链接 在E读中查询图书 在五车中查询图书 在当当中查询图书 在豆瓣中查询图书


正题名:声律启蒙·千家诗     索取号:I207.21/1494=3         预约/预借

序号 登录号 条形码 馆藏地/架位号 状态 备注
1 1383531   213835313   第一样本阅览室/ [索取号:I207.21/1494=3] 在馆    
2 1383532   213835322   第二借阅区/ [索取号:I207.21/1494=3] 在馆    
3 1383533   213835331   第二借阅区/ [索取号:I207.21/1494=3] 在馆    
4 1383534   213835340   第二借阅区/ [索取号:I207.21/1494=3] 在馆    
唐山师范学院图书馆 欢迎您!
大连网信软件有限公司© 版权所有